00483pab a2200157 454500008004000000100002400040245005700064260000900121300001200130362001200142650002200154773001600176909001000192999001700202952010600219180718b1997 xxu||||| |||| 00| 0 eng d aBalooni, Kulbhushan aAvailability of wasteland for afforestation in India c1997 ap.93-94 aJan-Feb aForest management aKurukshetra a34072 c34072d34072 00104070aIIPAbIIPAd2018-07-19hVolume no: 45, Issue no: 4-5pAR34301r2018-07-19w2018-07-19yAR